World's Largest Companies Scrambled - Statistics

General Stats
  • This quiz has been taken 33 times
  • The average score is 10 of 15
Answer Stats
Scramble Companies % Correct
pealp Apple
100%
mib IBM
97%
avis Visa
97%
yons Sony
90%
oazanm Amazon
80%
nnsosonj&hhoonj Johnson & Johnson
80%
ekafobco Facebook
73%
tootay Toyota
73%
rtcmfsioo Microsoft
63%
séntel Nestlé
57%
unmasgs Samsung
57%
twlmraa Walmart
57%
eobanricamfak Bank of America
27%
eehtmpdoo Home Depot
7%
weadyisltn Walt Disney
7%
No matching quizzes found
Score Distribution
Percent of People with Each Score
Percentile by Number Answered
Your Score History
You have not taken this quiz